|
|
|
|
| LEADER |
00000nam a2200000 a 4500 |
| 005 |
20111003125452.0 |
| 008 |
071231s2007 sp ||||||| o000 ||spa|d |
| 020 |
|
|
|a 9788496721210
|
| 035 |
|
|
|a 5874
|
| 040 |
|
|
|a vLex
|
| 080 |
|
|
|a 331-055
|
| 090 |
|
|
|c 2591
|d 2591
|
| 100 |
1 |
|
|a Serrano Garca̕, Juana Mara̕
|
| 245 |
1 |
0 |
|a Participacin̤ y planes de igualdad en la Ley Orgǹica de Igualdad Efectiva entre hombres y mujeres
|h [Recurso electrn̤ico] /
|c Juana Mara̕ Serrano Garca̕
|
| 246 |
1 |
3 |
|a Participacin̤ y planes de igualdad en la Ley Orgǹica de igualdad efectiva entre mujeres y hombres
|
| 256 |
|
|
|a Servicio en ln̕ea.
|
| 260 |
|
|
|a Albacete :
|b Bomarzo,
|c 2007
|
| 300 |
|
|
|a 187 p.;
|c 24 cm
|
| 490 |
1 |
|
|a Estudios / Bomarzo
|
| 504 |
|
|
|a Índice. Referencias bibliogrf̀icas
|
| 506 |
1 |
|
|a Contenido solo disponible en los productos indicados
|d vLex Global
|d vLex Global (Academic Edition, excluding Law Schools)
|d vLex Global (U.S. Academic Edition, Law Schools)
|d vLex Global (U.S. Academic Edition, excluding Law Schools)
|d vLex Global (Academic Edition, Law Schools)
|
| 650 |
0 |
4 |
|a Igualdad ante la ley
|z Espaą
|x Aspectos legales
|
| 650 |
0 |
4 |
|a Discriminacin̤ en el trabajo
|z Espaą
|x Aspectos legales
|
| 710 |
1 |
|
|a Espaą.
|t Ley Orgǹica 3/2007, de 22 de marzo, ley de igualdad efectiva de mujeres y hombres
|
| 740 |
0 |
|
|a Participacin̤ y planes de igualdad en la Ley Orgǹica de igualdad efectiva entre mujeres y hombres
|
| 740 |
0 |
|
|a vLex Libros (Servicio en ln̕ea)
|
| 830 |
|
0 |
|a Estudios (Bomarzo)
|
| 856 |
4 |
0 |
|u http://vlex.com/source/participacion-planes-igualdad-ley-organica-igualdad-efectiva-mujeres-hombres-5874
|z Acceso restringido
|
| 942 |
|
|
|c BOOK
|